College Logos #2 - Statistics

General Stats
  • This quiz has been taken 83 times
  • The average score is 10 of 16
Answer Stats
Picture Answer % Correct
Kansas
100%
Oklahoma
100%
North Carolina
99%
James Maddison
94%
Liberty
76%
Coastal Carolina
75%
Fresno State
66%
Dartmouth
65%
Buffalo
63%
Texas State
49%
Miami Ohio
47%
Southern
41%
Duquesne
40%
Samford
38%
Austin Peay
32%
Prairie view A&M
26%
No matching quizzes found
Score Distribution
Percent of People with Each Score
Percentile by Number Answered
Your Score History
You have not taken this quiz